শেরে বাংলা আবুল কাশে ফজলুল হক / (Record no. 26247)
[ view plain ]
| 000 -LEADER | |
|---|---|
| fixed length control field | 00801nam a22001937a 4500 |
| 003 - CONTROL NUMBER IDENTIFIER | |
| control field | BDDh-ASL |
| 005 - DATE AND TIME OF LATEST TRANSACTION | |
| control field | 20231016062613.0 |
| 008 - FIXED-LENGTH DATA ELEMENTS--GENERAL INFORMATION | |
| fixed length control field | 211002s1976 b ||||| |||| 00| 0 b d |
| 040 ## - CATALOGING SOURCE | |
| Transcribing agency | BDDh-ASL |
| 082 ## - DEWEY DECIMAL CLASSIFICATION NUMBER | |
| Classification number | 923.71 |
| Item number | SHE |
| 245 00 - TITLE STATEMENT | |
| Title | শেরে বাংলা আবুল কাশে ফজলুল হক / |
| 246 ## - VARYING FORM OF TITLE | |
| Title proper/short title | Sher-e-Bangla Abul Kashem Fazlul Huq |
| 260 ## - PUBLICATION, DISTRIBUTION, ETC. | |
| Place of publication, distribution, etc. | ঢাকা: |
| Name of publisher, distributor, etc. | জ্যোতি-বরকত প্রকাশনী, |
| Date of publication, distribution, etc. | ১৯৭৬। |
| 300 ## - PHYSICAL DESCRIPTION | |
| Extent | ৫১২ পৃষ্ঠা, : |
| Dimensions | ২২ সে. মি. |
| 600 10 - SUBJECT ADDED ENTRY--PERSONAL NAME | |
| 9 (RLIN) | 4735 |
| Personal name | হক, আবুল কাসেম ফজলুল |
| 650 #0 - SUBJECT ADDED ENTRY--TOPICAL TERM | |
| Topical term or geographic name entry element | biographical dictionary - চরিতাভিধান |
| 9 (RLIN) | 4665 |
| 700 1# - ADDED ENTRY--PERSONAL NAME | |
| 9 (RLIN) | 2154 |
| Personal name | খালেক, মুহম্মদ আবদুল |
| 942 ## - ADDED ENTRY ELEMENTS (KOHA) | |
| Source of classification or shelving scheme | Dewey Decimal Classification |
| Koha item type | Books |
| Withdrawn status | Lost status | Source of classification or shelving scheme | Damaged status | Not for loan | Collection code | Home library | Current library | Shelving location | Date acquired | Source of acquisition | Total Checkouts | Full call number | Barcode | Date last seen | Copy number | Price effective from | Koha item type | Public note |
|---|---|---|---|---|---|---|---|---|---|---|---|---|---|---|---|---|---|---|
| Dewey Decimal Classification | Non-fiction | Asiatic Society Library | Asiatic Society Library | General Stacks | 10/06/2021 | ASB Collection | 923.71 SHE | 112258 | 10/06/2021 | C-1 | 10/06/2021 | Books | RARE | |||||
| Dewey Decimal Classification | Non-fiction | Asiatic Society Library | Asiatic Society Library | General Stacks | 10/06/2021 | ASB Collection | 923.71 SHE | 112259 | 10/06/2021 | C-2 | 10/06/2021 | Books | RARE |